000 01503nam a2200277 a 4500
001 ASIN1401850650
005 20170105102901.0
008 131011s2003 xxu eng d
020 _a1401850650 (paperback)
_c$51.95
020 _a9781401850654 (paperback)
040 _a0
050 0 4 _aHV6431
082 0 4 _a363.32
100 1 _aBevelacqua, Armando S.
245 1 0 _aTerrorism handbook for operational responders, 2e /
_cArmando S. Bevelacqua, Richard H. Stilp.
250 _a2nd ed.
260 _a[S.l.] :
_bCengage Learning,
_c2003.
300 _a160 p. ;
_c23 cm.
520 _aThe only reference of its kind for emergency responders, this updated book is a guide to the most significant points that surround the emergency response processes needed to cope with terrorism incidents. It highlights what is required to establish and implement tactical goals during such events, including new equipment and strategies that can enhance a responder's detection, monitoring, and protection capabilities against chemical and biological agents. Written to provide emergency responders with the knowledge they need to prepare for and combat acts of terrorism, this book is a must for all emergency personnel who are called on to respond to a terrorist event.
650 0 _aEmergency management
650 0 _aTerrorism
650 0 _aUnited States
700 1 _aStilp, Richard H.
856 4 0 _3Amazon.com
_uhttp://www.amazon.com/exec/obidos/ASIN/1401850650/chopaconline-20
942 _2ddc
_cBK
999 _c14666
_d14666